Derecho judicial : (Record no. 56806)

MARC details
000 -LEADER
campo de control de longitud fija 00923nam a2200241 i 4500
001 - NÚMERO DE CONTROL
campo de control 56806
003 - IDENTIFICADOR DE NÚMERO DE CONTROL
campo de control ES-MaACL
005 - FECHA Y HORA DE LA ÚLTIMA TRANSACCIÓN
campo de control 20260127062529.0
007 - CAMPO FIJO DE DESCRIPCIÓN FÍSICA--INFORMACIÓN GENERAL
campo de control de longitud fija t|
008 - DATOS DE LONGITUD FIJA--INFORMACIÓN GENERAL
campo de control de longitud fija 031013q1942 sp ||||1| spa d
040 ## - FUENTE DE CATALOGACIÓN
Centro/agencia transcriptor ES-MaACL
080 ## - NÚMERO DE LA CLASIFICACIÓN DECIMAL UNIVERSAL
Número de la Clasificación Decimal Universal 347.97/.99
100 1# - ENTRADA PRINCIPAL--NOMBRE DE PERSONA
Nombre de persona Diego y Gutiérrez, Felipe Clemente de,
9 (RLIN) 234641
Fechas asociadas al nombre 1866-1945
Término indicativo de función/relación Autor
245 10 - MENCIÓN DEL TÍTULO
Título Derecho judicial :
Resto del título discurso inaugural del curso académico pronunciado el día 11 de febrero de 1942 en la Real Academia de Jurisprudencia y Legislación /
Mención de responsabilidad, etc. Felipe Clemente de Diego.
260 ## - PUBLICACIÓN, DISTRIBUCIÓN, ETC.
Lugar de publicación, distribución, etc. Madrid :
Nombre del editor, distribuidor, etc. Real Academia de Jurisprudencia y Legislación,
Fecha de publicación, distribución, etc. [1942?]
300 ## - DESCRIPCIÓN FÍSICA
Extensión 84 p. ;
Dimensiones 19 cm.
650 #4 - PUNTO DE ACCESO ADICIONAL DE MATERIA--TÉRMINO DE MATERIA
9 (RLIN) 9620
Término de materia o nombre geográfico como elemento de entrada Administración de justicia
700 ## - ENTRADA AGREGADA--NOMBRE PERSONAL
Nombre de persona Real Academia de Jurisprudencia y Legislación de España
9 (RLIN) 217612
852 ## - LOCALIZACIÓN
Ubicación ES-MaACL
Número de control de estantería 1630-F-18
942 ## - ELEMENTOS DE ENTRADA SECUNDARIOS (KOHA)
Tipo de ítem Koha Libro impreso
Suprimir en OPAC No
Holdings
Estatus retirado Estado de pérdida Estado de daño No para préstamo Colección Biblioteca de origen Biblioteca actual Ubicación en estantería Fecha de adquisición Fuente de adquisición Total de préstamos Signatura topográfica completa Código de barras Visto por última vez Precio de reemplazo Tipo de ítem Koha
        Colección de folletos Biblioteca del Ateneo de Madrid Biblioteca del Ateneo de Madrid Depósito folletos 17/01/2008     1630-F-18 1059649 23/02/2023 23/02/2023 Folleto